New horizons in tourism: Strange experiences and stranger practices (Record no. 163288)

MARC details
000 -LEADER
fixed length control field 00406nam a2200145Ia 4500
008 - FIXED-LENGTH DATA ELEMENTS--GENERAL INFORMATION
fixed length control field 230917s9999||||xx |||||||||||||| ||und||
040 ## - CATALOGING SOURCE
-- 198898
Original cataloging agency VIVEKANANDA LIBRARY
041 ## - Language
-- English
082 ## - DDC NUMBER
Classification number 338.4791 S64N
100 ## - MAIN ENTRY--PERSONAL NAME
Personal name Tejvir Singh
245 #0 - TITLE STATEMENT
Title New horizons in tourism: Strange experiences and stranger practices
260 ## - PUBLICATION, DISTRIBUTION, ETC. (IMPRINT)
Place of publication, distribution, etc Wallingford
Name of publisher, distributor, etc CAB International
Date of publication, distribution, etc 2004
300 ## - PHYSICAL DESCRIPTION
Pages xiv, 221 p.
942 ## - ADDED ENTRY ELEMENTS (KOHA)
Koha item type Books
Holdings
Withdrawn status Lost status Damaged status Not for loan Location (home branch) Sublocation or collection (holding branch) Shelving location Date acquired Koha issues (times borrowed) Koha full call number Accession No. Koha date last seen Koha item type
        VIVEKANANDA LIBRARY VIVEKANANDA LIBRARY IHTM Library 10/05/2012   338.4791 S64N 299194 17/09/2023 Books
© Designed and Maintained by Vivekananda Library, MDU Rohtak